Statistics for The first 30 names mentioned Harry Potter and POA

Click here to take the quiz!

General Stats

  • This quiz has been taken 315 times
  • The average score is 27 of 34

Answer Stats

AnswerHint% Correct
Harry Potter
100%
Ron Weasley
97%
Hermione Granger
96%
Uncle Vernon
95%
Aunt Petunia
94%
Dudley
94%
Sirius Black
94%
Fred
92%
George
92%
Mrs Weasley
92%
Mr Weasley
92%
Ginny
90%
Percy
85%
Aunt Marge
84%
Hagrid
83%
Cornelius Fudge
79%
Hedwig
77%
Stan Shunpike
76%
Neville Longbottom
73%
Tom
71%
Florean FortescueFlorean Fortescue
70%
Lord Voldemort
70%
James
69%
Lily
69%
Madam MarshMadam Marsh
69%
RipperRipper
69%
Scabbers
69%
Colonel FubsterColonel Fubster
68%
Professor Snape
67%
Ernie Prang
66%
Crookshanks
64%
Seamus Finnigan
62%
Dean Thomas
60%
Errol
46%

Score Distribution

Percentile by Number Answered

Percent of People with Each Score

Your Score History

You have not taken this quiz